000 00511nam a2200133Ia 4500
005 20260209120147.0
008 260209s9999||||xx |||||||||||||| ||und||
100 _aBhagirathi M
245 0 _aCustodial deaths in India : the role of systemic tolerance and legal loopholes
260 _aBangaloreBangalore
_bNLSIU, Bangalore
_c2023
300 _a56 p. ; 25 cm.
700 _aProf. Rashmi Venkatesan – Supervisor Prof. Rashmi Venkatesan – Supervisor
856 _uhttps://dans.nls.ac.in/handle/123456789/1190
999 _c217584
_d217584